Growth economics (Record no. 340070)

000 -LEADER
fixed length control field 00312cam a22001217a 4500
008 - FIXED-LENGTH DATA ELEMENTS--GENERAL INFORMATION
fixed length control field 180718b1970 xxu||||| |||| 00| 0 eng d
082 ## - DEWEY DECIMAL CLASSIFICATION NUMBER
Classification number T1 Se55
245 ## - TITLE STATEMENT
Title Growth economics
Statement of responsibility, etc. edited by Amartya Sen
260 ## - PUBLICATION, DISTRIBUTION, ETC.
Place of publication, distribution, etc. Middlesex
Name of publisher, distributor, etc. PenguinBooks
Date of publication, distribution, etc. 1970
300 ## - PHYSICAL DESCRIPTION
Extent 549p.
650 ## - SUBJECT ADDED ENTRY--TOPICAL TERM
Topical term or geographic name entry element Economics
700 ## - ADDED ENTRY--PERSONAL NAME
Personal name Sen, Amartya
Holdings
Withdrawn status Lost status Damaged status Not for loan Permanent Location Current Location Date acquired Full call number Barcode Date last seen Price effective from Koha item type
        Indian Institute of Public Administration Indian Institute of Public Administration 2010-02-05 T1 Se55 51394 2018-07-21 2018-07-21 Book
        Indian Institute of Public Administration Indian Institute of Public Administration 1970-02-21 T1 Se55 51392 2018-07-21 2018-07-21 Book
        Indian Institute of Public Administration Indian Institute of Public Administration 1970-02-21 T1 Se55 51391 2018-07-21 2018-07-21 Book
        Indian Institute of Public Administration Indian Institute of Public Administration 1970-02-21 T1 Se55 44837 2018-07-21 2018-07-21 Book

Powered by Koha